[Event "World Cup 2023 Open"]
[Site "Baku, Azerbaijan"]
[Date "????.??.??"]
[Round "37.6"]
[White "Wang Hao (CHN)"]
[Black "Svane Rasmus (GER)"]
[Result "1-0"]
[WhiteFideId "8602883"]
[BlackFideId "4657101"]
[WhiteElo "2709"]
[BlackElo "2625"]

1. c4 {[%clk 00:03:02]} {[%emt 00:00:02]} Nf6 {[%clk 00:03:01]} {[%emt
00:00:03]} 2. Nc3 {[%clk 00:03:03]} {[%emt 00:00:02]} e5 {[%clk 00:03:02]}
{[%emt 00:00:01]} 3. Nf3 {[%clk 00:03:04]} {[%emt 00:00:01]} Nc6 {[%clk
00:03:02]} {[%emt 00:00:01]} 4. g3 {[%clk 00:03:05]} {[%emt 00:00:01]} d5
{[%clk 00:03:03]} {[%emt 00:00:02]} 5. cxd5 {[%clk 00:03:06]} {[%emt 00:00:01]}
Nxd5 {[%clk 00:03:03]} {[%emt 00:00:01]} 6. Bg2 {[%clk 00:03:06]} {[%emt
00:00:01]} Bc5 {[%clk 00:03:03]} {[%emt 00:00:02]} 7. Qc2 {[%clk 00:03:04]}
{[%emt 00:00:05]} Ndb4 {[%clk 00:02:29]} {[%emt 00:00:36]} 8. Qb1 {[%clk
00:02:53]} {[%emt 00:00:12]} Nd4 {[%clk 00:02:28]} {[%emt 00:00:03]} 9. Nxd4
{[%clk 00:02:49]} {[%emt 00:00:07]} exd4 {[%clk 00:02:29]} {[%emt 00:00:01]} 10.
a3 {[%clk 00:02:22]} {[%emt 00:00:29]} dxc3 {[%clk 00:02:12]} {[%emt 00:00:18]}
11. axb4 {[%clk 00:02:22]} {[%emt 00:00:02]} cxd2+ {[%clk 00:02:13]} {[%emt
00:00:02]} 12. Bxd2 {[%clk 00:02:22]} {[%emt 00:00:01]} Bxf2+ {[%clk 00:02:09]}
{[%emt 00:00:06]} 13. Kxf2 {[%clk 00:02:23]} {[%emt 00:00:02]} Qxd2 {[%clk
00:02:09]} {[%emt 00:00:01]} 14. Qe4+ {[%clk 00:02:22]} {[%emt 00:00:03]} Be6
{[%clk 00:02:07]} {[%emt 00:00:04]} 15. Rhd1 {[%clk 00:01:38]} {[%emt
00:00:46]} Qxb2 {[%clk 00:02:05]} {[%emt 00:00:04]} 16. Qxb7 {[%clk 00:01:38]}
{[%emt 00:00:02]} O-O {[%clk 00:01:52]} {[%emt 00:00:15]} 17. Qxc7 {[%clk
00:01:38]} {[%emt 00:00:02]} Rac8 {[%clk 00:01:36]} {[%emt 00:00:18]} 18. Qxa7
{[%clk 00:01:27]} {[%emt 00:00:14]} Bg4 {[%clk 00:01:29]} {[%emt 00:00:08]} 19.
Ra2 {[%clk 00:01:10]} {[%emt 00:00:19]} Qf6+ {[%clk 00:00:45]} {[%emt
00:00:46]} 20. Bf3 {[%clk 00:00:54]} {[%emt 00:00:19]} Bxf3 {[%clk 00:00:33]}
{[%emt 00:00:14]} 21. exf3 {[%clk 00:00:54]} {[%emt 00:00:01]} Rb8 {[%clk
00:00:34]} 22. Qd4 {[%clk 00:00:46]} {[%emt 00:00:10]} Qe6 {[%clk 00:00:26]}
{[%emt 00:00:10]} 23. Re2 {[%clk 00:00:40]} {[%emt 00:00:07]} Qh3 {[%clk
00:00:23]} {[%emt 00:00:05]} 24. Kg1 {[%clk 00:00:40]} {[%emt 00:00:02]} h6
{[%clk 00:00:24]} {[%emt 00:00:01]} 25. Rb2 {[%clk 00:00:35]} {[%emt 00:00:07]}
Rb5 {[%clk 00:00:23]} {[%emt 00:00:03]} 26. Qg4 {[%clk 00:00:29]} {[%emt
00:00:08]} Qxg4 {[%clk 00:00:21]} {[%emt 00:00:04]} 27. fxg4 {[%clk 00:00:29]}
Rfb8 {[%clk 00:00:20]} {[%emt 00:00:04]} 28. Rd4 {[%clk 00:00:30]} {[%emt
00:00:02]} f5 {[%clk 00:00:16]} {[%emt 00:00:05]} 29. Kf2 {[%clk 00:00:22]}
{[%emt 00:00:11]} fxg4 {[%clk 00:00:17]} {[%emt 00:00:01]} 30. Rxg4 {[%clk
00:00:23]} Re5 {[%clk 00:00:18]} 31. Kf3 {[%clk 00:00:20]} {[%emt 00:00:05]}
Kf7 {[%clk 00:00:18]} {[%emt 00:00:02]} 32. Rf4+ {[%clk 00:00:18]} {[%emt
00:00:04]} Kg6 {[%clk 00:00:18]} {[%emt 00:00:02]} 33. Re4 {[%clk 00:00:19]}
{[%emt 00:00:02]} Reb5 {[%clk 00:00:15]} {[%emt 00:00:05]} 34. Ke3 {[%clk
00:00:19]} {[%emt 00:00:01]} h5 {[%clk 00:00:12]} {[%emt 00:00:06]} 35. Kd3
{[%clk 00:00:19]} {[%emt 00:00:03]} R5b7 {[%clk 00:00:10]} {[%emt 00:00:03]} 36.
Rc4 {[%clk 00:00:16]} {[%emt 00:00:04]} Rb5 {[%clk 00:00:08]} {[%emt 00:00:05]}
37. Kc3 {[%clk 00:00:17]} Kf6 {[%clk 00:00:06]} {[%emt 00:00:04]} 38. Rc5
{[%clk 00:00:15]} {[%emt 00:00:03]} R5b7 {[%clk 00:00:04]} {[%emt 00:00:05]} 39.
Rxh5 {[%clk 00:00:15]} {[%emt 00:00:02]} g5 {[%clk 00:00:04]} {[%emt 00:00:02]}
40. Rh6+ {[%clk 00:00:15]} {[%emt 00:00:02]} Kf5 {[%clk 00:00:05]} {[%emt
00:00:01]} 41. Rc6 {[%clk 00:00:15]} {[%emt 00:00:02]} Rb5 {[%clk 00:00:04]}
{[%emt 00:00:03]} 42. Rc5+ {[%clk 00:00:14]} {[%emt 00:00:03]} Rxc5+ {[%clk
00:00:03]} {[%emt 00:00:03]} 43. bxc5 {[%clk 00:00:14]} {[%emt 00:00:02]} Re8
{[%clk 00:00:04]} {[%emt 00:00:02]} 44. Kd4 {[%clk 00:00:13]} {[%emt 00:00:03]}
Rd8+ {[%clk 00:00:04]} {[%emt 00:00:02]} 45. Kc4 {[%clk 00:00:14]} {[%emt
00:00:01]} Rc8 {[%clk 00:00:06]} 46. Kd5 {[%clk 00:00:13]} {[%emt 00:00:03]}
Rd8+ {[%clk 00:00:07]} 47. Kc6 {[%clk 00:00:14]} {[%emt 00:00:01]} Rc8+ {[%clk
00:00:07]} {[%emt 00:00:01]} 48. Kd6 {[%clk 00:00:15]} {[%emt 00:00:01]} Kg4
{[%clk 00:00:04]} {[%emt 00:00:06]} 49. c6 {[%clk 00:00:16]} {[%emt 00:00:01]}
Rd8+ {[%clk 00:00:04]} {[%emt 00:00:01]} 50. Ke7 {[%clk 00:00:17]} {[%emt
00:00:01]} Rd4 {[%clk 00:00:04]} {[%emt 00:00:03]} 51. Rc2 {[%clk 00:00:17]}
1-0

[Event "World Cup 2023 Open"]
[Site "Baku, Azerbaijan"]
[Date "????.??.??"]
[Round "32.1"]
[White "Keymer Vincent (GER)"]
[Black "Carlsen Magnus (NOR)"]
[Result "1/2-1/2"]
[WhiteFideId "12940690"]
[BlackFideId "1503014"]
[WhiteElo "2690"]
[BlackElo "2835"]

1. d4 {[%clk 00:25:18]} {[%emt 00:00:01]} Nf6 {[%clk 00:25:19]} {[%emt
00:00:01]} 2. c4 {[%clk 00:25:27]} {[%emt 00:00:02]} e6 {[%clk 00:25:27]}
{[%emt 00:00:01]} 3. Nc3 {[%clk 00:25:36]} Bb4 {[%clk 00:25:36]} {[%emt
00:00:01]} 4. f3 {[%clk 00:25:45]} {[%emt 00:00:01]} Nc6 {[%clk 00:25:44]}
{[%emt 00:00:02]} 5. e4 {[%clk 00:25:53]} {[%emt 00:00:02]} e5 {[%clk
00:25:53]} 6. a3 {[%clk 00:26:00]} {[%emt 00:00:03]} Bxc3+ {[%clk 00:25:58]}
{[%emt 00:00:05]} 7. bxc3 {[%clk 00:26:09]} d6 {[%clk 00:26:07]} {[%emt
00:00:01]} 8. Ne2 {[%clk 00:26:08]} {[%emt 00:00:10]} b6 {[%clk 00:25:30]}
{[%emt 00:00:46]} 9. Ng3 {[%clk 00:25:48]} {[%emt 00:00:31]} Na5 {[%clk
00:24:29]} {[%emt 00:01:11]} 10. Bd3 {[%clk 00:23:32]} {[%emt 00:02:26]} h5
{[%clk 00:22:46]} {[%emt 00:01:53]} 11. O-O {[%clk 00:21:45]} {[%emt 00:01:57]}
h4 {[%clk 00:22:01]} {[%emt 00:00:54]} 12. Nf5 {[%clk 00:19:50]} {[%emt
00:02:05]} Bxf5 {[%clk 00:22:03]} {[%emt 00:00:07]} 13. exf5 {[%clk 00:19:59]}
{[%emt 00:00:02]} Qd7 {[%clk 00:20:21]} {[%emt 00:01:52]} 14. Rb1 {[%clk
00:18:41]} {[%emt 00:01:28]} O-O-O {[%clk 00:19:13]} {[%emt 00:01:17]} 15. Bg5
{[%clk 00:17:21]} {[%emt 00:01:30]} c5 {[%clk 00:17:51]} {[%emt 00:01:32]} 16.
d5 {[%clk 00:16:39]} {[%emt 00:00:52]} Rh5 {[%clk 00:17:54]} {[%emt 00:00:07]}
17. f4 {[%clk 00:14:12]} {[%emt 00:02:38]} Rhh8 {[%clk 00:18:01]} {[%emt
00:00:02]} 18. fxe5 {[%clk 00:12:56]} {[%emt 00:01:27]} dxe5 {[%clk 00:18:10]}
{[%emt 00:00:02]} 19. Qe1 {[%clk 00:13:05]} {[%emt 00:00:01]} e4 {[%clk
00:16:43]} {[%emt 00:01:36]} 20. Bxf6 {[%clk 00:11:50]} {[%emt 00:01:25]} Rde8
{[%clk 00:16:42]} {[%emt 00:00:11]} 21. Bxg7 {[%clk 00:09:36]} {[%emt
00:02:24]} exd3 {[%clk 00:15:11]} {[%emt 00:01:41]} 22. Qd2 {[%clk 00:09:20]}
{[%emt 00:00:26]} Rhg8 {[%clk 00:14:30]} {[%emt 00:00:50]} 23. f6 {[%clk
00:09:29]} {[%emt 00:00:01]} Re4 {[%clk 00:13:00]} {[%emt 00:01:38]} 24. Rbe1
{[%clk 00:08:24]} {[%emt 00:01:15]} Rxe1 {[%clk 00:12:21]} {[%emt 00:00:49]} 25.
Rxe1 {[%clk 00:08:14]} {[%emt 00:00:20]} Re8 {[%clk 00:12:27]} {[%emt
00:00:05]} 26. Re7 {[%clk 00:05:51]} {[%emt 00:02:34]} Rxe7 {[%clk 00:11:42]}
{[%emt 00:00:55]} 27. fxe7 {[%clk 00:05:59]} {[%emt 00:00:01]} Qxe7 {[%clk
00:11:50]} {[%emt 00:00:01]} 28. Qxd3 {[%clk 00:06:08]} {[%emt 00:00:02]} Qe1+
{[%clk 00:11:58]} {[%emt 00:00:03]} 29. Qf1 {[%clk 00:06:17]} {[%emt 00:00:01]}
Qe3+ {[%clk 00:12:06]} {[%emt 00:00:02]} 30. Kh1 {[%clk 00:05:03]} {[%emt
00:01:24]} Qe4 {[%clk 00:12:09]} {[%emt 00:00:07]} 31. h3 {[%clk 00:04:42]}
{[%emt 00:00:32]} f5 {[%clk 00:12:16]} {[%emt 00:00:02]} 32. Qf3 {[%clk
00:03:32]} {[%emt 00:01:20]} Qxf3 {[%clk 00:12:03]} {[%emt 00:00:23]} 33. gxf3
{[%clk 00:03:40]} {[%emt 00:00:02]} Nxc4 {[%clk 00:12:10]} {[%emt 00:00:03]} 34.
a4 {[%clk 00:03:12]} {[%emt 00:00:38]} Kd7 {[%clk 00:12:08]} {[%emt 00:00:12]}
35. Bf6 {[%clk 00:00:39]} {[%emt 00:02:43]} Kd6 {[%clk 00:12:10]} {[%emt
00:00:07]} 36. Bxh4 {[%clk 00:00:38]} {[%emt 00:00:11]} Kxd5 {[%clk 00:12:18]}
{[%emt 00:00:02]} 37. Bd8 {[%clk 00:00:20]} {[%emt 00:00:28]} Nb2 {[%clk
00:12:11]} {[%emt 00:00:16]} 38. h4 {[%clk 00:00:11]} {[%emt 00:00:20]} Ke6
{[%clk 00:12:09]} {[%emt 00:00:12]} 39. h5 {[%clk 00:00:13]} {[%emt 00:00:08]}
Nxa4 {[%clk 00:12:08]} {[%emt 00:00:11]} 40. c4 {[%clk 00:00:23]} Kf7 {[%clk
00:12:05]} {[%emt 00:00:13]} 41. Kg2 {[%clk 00:00:20]} {[%emt 00:00:14]} Nb2
{[%clk 00:11:06]} {[%emt 00:01:08]} 42. Kg3 {[%clk 00:00:28]} {[%emt 00:00:02]}
Nxc4 {[%clk 00:10:29]} {[%emt 00:00:47]} 43. Kf4 {[%clk 00:00:38]} b5 {[%clk
00:10:16]} {[%emt 00:00:23]} 44. Kxf5 {[%clk 00:00:35]} {[%emt 00:00:13]} b4
{[%clk 00:10:20]} {[%emt 00:00:06]} 45. Ke4 {[%clk 00:00:23]} {[%emt 00:00:23]}
a5 {[%clk 00:09:33]} {[%emt 00:00:56]} 46. h6 {[%clk 00:00:27]} {[%emt
00:00:06]} Kg6 {[%clk 00:04:20]} {[%emt 00:05:23]} 47. Be7 {[%clk 00:00:36]}
{[%emt 00:00:01]} Nd2+ {[%clk 00:01:56]} {[%emt 00:02:34]} 48. Kd3 {[%clk
00:00:45]} Nb3 {[%clk 00:02:04]} {[%emt 00:00:02]} 49. Kc4 {[%clk 00:00:40]}
{[%emt 00:00:15]} a4 {[%clk 00:02:13]} 50. Bg5 {[%clk 00:00:30]} {[%emt
00:00:20]} Kh7 {[%clk 00:01:33]} {[%emt 00:00:51]} 51. Be3 {[%clk 00:00:28]}
{[%emt 00:00:12]} Kg6 {[%clk 00:01:24]} {[%emt 00:00:19]} 52. Bg5 {[%clk
00:00:37]} {[%emt 00:00:01]} Nd4 {[%clk 00:01:14]} {[%emt 00:00:20]} 53. Kxc5
{[%clk 00:00:44]} {[%emt 00:00:03]} a3 {[%clk 00:01:23]} {[%emt 00:00:01]} 54.
Bc1 {[%clk 00:00:50]} {[%emt 00:00:04]} Ne2 {[%clk 00:01:17]} {[%emt 00:00:16]}
55. Kxb4 {[%clk 00:00:58]} {[%emt 00:00:03]} Nxc1 {[%clk 00:01:25]} {[%emt
00:00:01]} 56. Kxa3 {[%clk 00:01:07]} {[%emt 00:00:01]} 1/2-1/2

[Event "World Cup 2023 Open"]
[Site "Baku, Azerbaijan"]
[Date "????.??.??"]
[Round "32.3"]
[White "Nihal Sarin (IND)"]
[Black "Nepomniachtchi Ian (FID)"]
[Result "0-1"]
[WhiteFideId "25092340"]
[BlackFideId "4168119"]
[WhiteElo "2688"]
[BlackElo "2779"]

1. b3 {[%clk 00:25:19]} d5 {[%clk 00:25:13]} {[%emt 00:00:07]} 2. Bb2 {[%clk
00:25:28]} {[%emt 00:00:02]} Bg4 {[%clk 00:25:15]} {[%emt 00:00:07]} 3. f3
{[%clk 00:25:10]} {[%emt 00:00:28]} Bh5 {[%clk 00:25:23]} {[%emt 00:00:02]} 4.
h4 {[%clk 00:25:19]} {[%emt 00:00:02]} f6 {[%clk 00:25:09]} {[%emt 00:00:24]} 5.
d4 {[%clk 00:25:27]} {[%emt 00:00:02]} Nc6 {[%clk 00:25:12]} {[%emt 00:00:07]}
6. e3 {[%clk 00:24:41]} {[%emt 00:00:56]} e5 {[%clk 00:24:42]} {[%emt
00:00:40]} 7. Bb5 {[%clk 00:24:15]} {[%emt 00:00:36]} exd4 {[%clk 00:24:25]}
{[%emt 00:00:26]} 8. Bxc6+ {[%clk 00:24:00]} {[%emt 00:00:25]} bxc6 {[%clk
00:24:33]} {[%emt 00:00:02]} 9. Qxd4 {[%clk 00:24:08]} {[%emt 00:00:02]} Bd6
{[%clk 00:24:27]} {[%emt 00:00:16]} 10. Nc3 {[%clk 00:23:40]} {[%emt 00:00:38]}
Bg3+ {[%clk 00:24:18]} {[%emt 00:00:20]} 11. Kd2 {[%clk 00:23:49]} {[%emt
00:00:01]} Be5 {[%clk 00:22:32]} {[%emt 00:01:55]} 12. Qa4 {[%clk 00:23:57]}
{[%emt 00:00:02]} Ne7 {[%clk 00:21:07]} {[%emt 00:01:35]} 13. Nge2 {[%clk
00:24:05]} {[%emt 00:00:02]} O-O {[%clk 00:21:13]} {[%emt 00:00:05]} 14. Rad1
{[%clk 00:24:13]} {[%emt 00:00:02]} Qb8 {[%clk 00:20:41]} {[%emt 00:00:42]} 15.
Nf4 {[%clk 00:15:02]} {[%emt 00:09:21]} Bf7 {[%clk 00:20:08]} {[%emt 00:00:43]}
16. Nd3 {[%clk 00:14:54]} {[%emt 00:00:17]} Bd6 {[%clk 00:20:09]} {[%emt
00:00:10]} 17. Kc1 {[%clk 00:13:38]} {[%emt 00:01:26]} c5 {[%clk 00:20:01]}
{[%emt 00:00:18]} 18. h5 {[%clk 00:10:48]} {[%emt 00:02:58]} c4 {[%clk
00:18:28]} {[%emt 00:01:44]} 19. Nf4 {[%clk 00:10:55]} {[%emt 00:00:02]} c6
{[%clk 00:16:37]} {[%emt 00:02:00]} 20. h6 {[%clk 00:10:51]} {[%emt 00:00:15]}
g6 {[%clk 00:15:03]} {[%emt 00:01:45]} 21. Nce2 {[%clk 00:07:25]} {[%emt
00:03:33]} Nf5 {[%clk 00:14:28]} {[%emt 00:00:45]} 22. Qxc6 {[%clk 00:06:17]}
{[%emt 00:01:18]} Rc8 {[%clk 00:13:22]} {[%emt 00:01:16]} 23. Qd7 {[%clk
00:02:19]} {[%emt 00:04:08]} Rc7 {[%clk 00:11:09]} {[%emt 00:02:23]} 24. Nh5
{[%clk 00:01:31]} {[%emt 00:00:58]} Be5 {[%clk 00:11:11]} {[%emt 00:00:08]} 25.
Bxe5 {[%clk 00:01:00]} {[%emt 00:00:41]} fxe5 {[%clk 00:11:19]} {[%emt
00:00:02]} 26. Nf6+ {[%clk 00:01:09]} Kh8 {[%clk 00:11:26]} {[%emt 00:00:03]}
27. Qa4 {[%clk 00:01:18]} {[%emt 00:00:02]} Nxe3 {[%clk 00:11:11]} {[%emt
00:00:25]} 28. Rd2 {[%clk 00:01:16]} {[%emt 00:00:11]} d4 {[%clk 00:09:51]}
{[%emt 00:01:30]} 29. b4 {[%clk 00:00:15]} {[%emt 00:01:10]} a5 {[%clk
00:09:48]} {[%emt 00:00:13]} 30. b5 {[%clk 00:00:13]} {[%emt 00:00:13]} Rb7
{[%clk 00:09:01]} {[%emt 00:00:58]} 31. Nxd4 {[%clk 00:00:13]} {[%emt
00:00:10]} exd4 {[%clk 00:08:52]} {[%emt 00:00:18]} 32. Rxd4 {[%clk 00:00:21]}
{[%emt 00:00:02]} Qe5 {[%clk 00:08:45]} {[%emt 00:00:17]} 33. Rhh4 {[%clk
00:00:22]} {[%emt 00:00:09]} Qxf6 {[%clk 00:08:34]} {[%emt 00:00:21]} 34. Rhf4
{[%clk 00:00:31]} Nf5 {[%clk 00:08:22]} {[%emt 00:00:23]} 35. g4 {[%clk
00:00:39]} {[%emt 00:00:02]} g5 {[%clk 00:08:25]} {[%emt 00:00:08]} 0-1

[Event "World Cup 2023 Open"]
[Site "Baku, Azerbaijan"]
[Date "????.??.??"]
[Round "32.4"]
[White "Svidler Peter (FID)"]
[Black "Abasov Nijat (AZE)"]
[Result "0-1"]
[WhiteFideId "4102142"]
[BlackFideId "13402960"]
[WhiteElo "2688"]
[BlackElo "2632"]

1. e4 {[%clk 00:25:10]} {[%emt 00:00:01]} c5 {[%clk 00:25:10]} {[%emt
00:00:01]} 2. Nf3 {[%clk 00:25:10]} {[%emt 00:00:02]} Nc6 {[%clk 00:25:10]}
{[%emt 00:00:01]} 3. Bb5 {[%clk 00:25:10]} {[%emt 00:00:04]} e6 {[%clk
00:25:10]} 4. O-O {[%clk 00:25:10]} {[%emt 00:00:06]} Nge7 {[%clk 00:25:10]} 5.
Re1 {[%clk 00:25:00]} {[%emt 00:00:20]} b6 {[%clk 00:25:10]} {[%emt 00:00:01]}
6. c3 {[%clk 00:24:42]} {[%emt 00:00:28]} a6 {[%clk 00:25:10]} 7. Bf1 {[%clk
00:23:46]} {[%emt 00:01:06]} d5 {[%clk 00:25:10]} {[%emt 00:00:02]} 8. d3
{[%clk 00:23:46]} {[%emt 00:00:04]} Bb7 {[%clk 00:23:41]} {[%emt 00:01:39]} 9.
Nbd2 {[%clk 00:23:30]} {[%emt 00:00:26]} dxe4 {[%clk 00:21:39]} {[%emt
00:02:12]} 10. dxe4 {[%clk 00:23:30]} {[%emt 00:00:05]} Ng6 {[%clk 00:21:39]}
{[%emt 00:00:02]} 11. e5 {[%clk 00:20:43]} {[%emt 00:02:58]} Qc7 {[%clk
00:21:39]} {[%emt 00:00:08]} 12. Qe2 {[%clk 00:20:43]} {[%emt 00:00:02]} Be7
{[%clk 00:21:39]} {[%emt 00:00:05]} 13. g3 {[%clk 00:18:54]} {[%emt 00:01:59]}
Rd8 {[%clk 00:19:45]} {[%emt 00:02:04]} 14. Bg2 {[%clk 00:17:34]} {[%emt
00:01:30]} b5 {[%clk 00:15:59]} {[%emt 00:03:57]} 15. h4 {[%clk 00:15:19]}
{[%emt 00:02:25]} h5 {[%clk 00:15:59]} {[%emt 00:00:01]} 16. a4 {[%clk
00:13:12]} {[%emt 00:02:17]} c4 {[%clk 00:15:59]} {[%emt 00:00:01]} 17. axb5
{[%clk 00:13:12]} {[%emt 00:00:01]} axb5 {[%clk 00:15:59]} 18. Ne4 {[%clk
00:12:03]} {[%emt 00:01:19]} Ngxe5 {[%clk 00:15:08]} {[%emt 00:07:54]} 19. Nxe5
{[%clk 00:13:02]} {[%emt 00:01:09]} Qxe5 {[%clk 00:15:05]} {[%emt 00:00:13]} 20.
Bf4 {[%clk 00:13:09]} {[%emt 00:00:02]} Qf5 {[%clk 00:15:14]} {[%emt 00:00:01]}
21. Qe3 {[%clk 00:13:16]} {[%emt 00:00:03]} O-O {[%clk 00:14:42]} {[%emt
00:00:41]} 22. Qb6 {[%clk 00:12:40]} {[%emt 00:00:46]} Rd7 {[%clk 00:14:49]}
{[%emt 00:00:02]} 23. Red1 {[%clk 00:09:45]} {[%emt 00:03:06]} Rfd8 {[%clk
00:14:15]} {[%emt 00:00:44]} 24. Rxd7 {[%clk 00:06:42]} {[%emt 00:03:13]} Rxd7
{[%clk 00:14:24]} {[%emt 00:00:01]} 25. Bg5 {[%clk 00:05:31]} {[%emt 00:01:21]}
Ne5 {[%clk 00:13:04]} {[%emt 00:01:30]} 26. Nd6 {[%clk 00:05:08]} {[%emt
00:00:33]} Bxd6 {[%clk 00:12:27]} {[%emt 00:00:46]} 27. Bxb7 {[%clk 00:05:16]}
{[%emt 00:00:03]} Bc5 {[%clk 00:12:36]} {[%emt 00:00:01]} 0-1

[Event "World Cup 2023 Open"]
[Site "Baku, Azerbaijan"]
[Date "????.??.??"]
[Round "32.5"]
[White "Gukesh D (IND)"]
[Black "Esipenko Andrey (FID)"]
[Result "1-0"]
[WhiteFideId "46616543"]
[BlackFideId "24175439"]
[WhiteElo "2744"]
[BlackElo "2683"]

1. Nf3 {[%clk 00:25:16]} {[%emt 00:00:02]} d5 {[%clk 00:25:19]} {[%emt
00:00:02]} 2. d4 {[%clk 00:25:24]} {[%emt 00:00:02]} Nf6 {[%clk 00:25:26]}
{[%emt 00:00:03]} 3. e3 {[%clk 00:25:32]} {[%emt 00:00:02]} e6 {[%clk
00:25:28]} {[%emt 00:00:08]} 4. b3 {[%clk 00:25:40]} {[%emt 00:00:02]} Bd6
{[%clk 00:25:16]} {[%emt 00:00:22]} 5. Bb2 {[%clk 00:25:47]} {[%emt 00:00:03]}
O-O {[%clk 00:25:19]} {[%emt 00:00:07]} 6. Nbd2 {[%clk 00:25:50]} {[%emt
00:00:07]} b6 {[%clk 00:25:24]} {[%emt 00:00:06]} 7. Bd3 {[%clk 00:25:13]}
{[%emt 00:00:47]} Bb7 {[%clk 00:25:32]} {[%emt 00:00:02]} 8. O-O {[%clk
00:25:04]} {[%emt 00:00:19]} Ne4 {[%clk 00:24:33]} {[%emt 00:01:09]} 9. c4
{[%clk 00:24:40]} {[%emt 00:00:34]} Nd7 {[%clk 00:24:32]} {[%emt 00:00:11]} 10.
Rc1 {[%clk 00:24:07]} {[%emt 00:00:42]} Qe7 {[%clk 00:22:55]} {[%emt 00:01:47]}
11. Ne5 {[%clk 00:23:17]} {[%emt 00:01:01]} Nxd2 {[%clk 00:16:57]} {[%emt
00:06:09]} 12. Qxd2 {[%clk 00:23:22]} {[%emt 00:00:04]} Nf6 {[%clk 00:16:56]}
{[%emt 00:00:11]} 13. Qe2 {[%clk 00:19:20]} {[%emt 00:04:13]} c5 {[%clk
00:16:36]} {[%emt 00:00:30]} 14. dxc5 {[%clk 00:17:12]} {[%emt 00:02:18]} bxc5
{[%clk 00:16:32]} {[%emt 00:00:13]} 15. cxd5 {[%clk 00:15:57]} {[%emt
00:01:24]} exd5 {[%clk 00:16:37]} {[%emt 00:00:05]} 16. Ng4 {[%clk 00:16:04]}
{[%emt 00:00:03]} Ne4 {[%clk 00:15:46]} {[%emt 00:01:01]} 17. f3 {[%clk
00:12:36]} {[%emt 00:03:38]} Ng5 {[%clk 00:15:52]} {[%emt 00:00:04]} 18. f4
{[%clk 00:12:21]} {[%emt 00:00:26]} Ne4 {[%clk 00:16:00]} {[%emt 00:00:02]} 19.
Ne5 {[%clk 00:11:13]} {[%emt 00:01:19]} f6 {[%clk 00:13:39]} {[%emt 00:02:31]}
20. Bxe4 {[%clk 00:11:13]} {[%emt 00:00:10]} dxe4 {[%clk 00:13:42]} {[%emt
00:00:07]} 21. Nc4 {[%clk 00:10:44]} {[%emt 00:00:38]} Bc7 {[%clk 00:13:48]}
{[%emt 00:00:04]} 22. Ba3 {[%clk 00:10:47]} {[%emt 00:00:07]} Rfd8 {[%clk
00:12:58]} {[%emt 00:00:59]} 23. Rfd1 {[%clk 00:10:47]} {[%emt 00:00:10]} Ba6
{[%clk 00:12:17]} {[%emt 00:00:50]} 24. h3 {[%clk 00:09:10]} {[%emt 00:01:47]}
Bb6 {[%clk 00:12:12]} {[%emt 00:00:15]} 25. Kh2 {[%clk 00:08:36]} {[%emt
00:00:44]} h6 {[%clk 00:11:18]} {[%emt 00:01:04]} 26. Qh5 {[%clk 00:08:23]}
{[%emt 00:00:23]} Kh7 {[%clk 00:09:55]} {[%emt 00:01:33]} 27. Nb2 {[%clk
00:07:25]} {[%emt 00:01:08]} Rxd1 {[%clk 00:08:25]} {[%emt 00:01:39]} 28. Rxd1
{[%clk 00:07:26]} {[%emt 00:00:10]} Rd8 {[%clk 00:05:30]} {[%emt 00:03:06]} 29.
Rxd8 {[%clk 00:07:12]} {[%emt 00:00:24]} Qxd8 {[%clk 00:05:38]} {[%emt
00:00:01]} 30. Qf5+ {[%clk 00:04:38]} {[%emt 00:02:44]} Kh8 {[%clk 00:05:36]}
{[%emt 00:00:13]} 31. Qxe4 {[%clk 00:04:27]} {[%emt 00:00:21]} Qd2 {[%clk
00:04:51]} {[%emt 00:00:54]} 32. Na4 {[%clk 00:03:54]} {[%emt 00:00:43]} Bd3
{[%clk 00:04:23]} {[%emt 00:00:38]} 33. Qa8+ {[%clk 00:01:00]} {[%emt
00:03:05]} Kh7 {[%clk 00:04:31]} {[%emt 00:00:02]} 34. Qd5 {[%clk 00:00:38]}
{[%emt 00:00:32]} Qxe3 {[%clk 00:03:47]} {[%emt 00:00:54]} 35. Qf3 {[%clk
00:00:21]} {[%emt 00:00:27]} Qd2 {[%clk 00:02:46]} {[%emt 00:01:11]} 36. Bxc5
{[%clk 00:00:19]} {[%emt 00:00:13]} Bc7 {[%clk 00:02:50]} {[%emt 00:00:06]} 37.
Be3 {[%clk 00:00:26]} {[%emt 00:00:03]} Qxa2 {[%clk 00:02:32]} {[%emt
00:00:28]} 38. Bxa7 {[%clk 00:00:20]} {[%emt 00:00:16]} Qc2 {[%clk 00:02:13]}
{[%emt 00:00:27]} 39. Qf2 {[%clk 00:00:16]} {[%emt 00:00:16]} Qxf2 {[%clk
00:01:51]} {[%emt 00:00:32]} 40. Bc5 {[%emt 00:00:02]} Qe3 41. Bxe3 {[%clk
00:00:24]} Be5 {[%emt 00:00:04]} 42. Bf2 Bxf4+ {[%clk 00:01:56]} 43. Kg1 {[%clk
00:00:27]} {[%emt 00:00:07]} Be5 {[%clk 00:01:36]} {[%emt 00:00:30]} 44. Nc5
{[%clk 00:00:23]} {[%emt 00:00:14]} Bb5 {[%clk 00:01:44]} {[%emt 00:00:02]} 45.
Ne6 {[%clk 00:00:26]} {[%emt 00:00:07]} Bd7 {[%clk 00:01:11]} {[%emt 00:00:43]}
46. Nf8+ {[%clk 00:00:35]} {[%emt 00:00:02]} Kg8 {[%clk 00:01:11]} {[%emt
00:00:09]} 47. Nxd7 {[%clk 00:00:44]} {[%emt 00:00:02]} Bc7 {[%clk 00:00:50]}
{[%emt 00:00:31]} 48. b4 {[%clk 00:00:26]} {[%emt 00:00:29]} Kf7 {[%clk
00:00:52]} {[%emt 00:00:07]} 49. Nc5 {[%clk 00:00:34]} {[%emt 00:00:02]} Ke7
{[%clk 00:00:51]} {[%emt 00:00:11]} 50. b5 {[%clk 00:00:37]} {[%emt 00:00:07]}
Kd6 {[%clk 00:00:17]} {[%emt 00:00:44]} 51. Bg3+ {[%clk 00:00:46]} {[%emt
00:00:01]} Kxc5 {[%clk 00:00:26]} {[%emt 00:00:02]} 52. Bxc7 {[%clk 00:00:54]}
{[%emt 00:00:02]} Kxb5 {[%clk 00:00:35]} {[%emt 00:00:01]} 53. Bd6 {[%clk
00:01:03]} {[%emt 00:00:01]} 1-0